[Event "6th Dvorkovich Cup"]
[Site "Moscow RUS"]
[Date "2011.07.03"]
[Round "13.9"]
[White "Lu Shanglei"]
[Black "Iskandarov,M"]
[Result "1-0"]
[WhiteElo "2473"]
[BlackElo "2253"]

1.e4 c5 2.Nf3 Nc6 3.Bb5 g6 4.Bxc6 dxc6 5.h3 Bg7 6.d3 Nf6 7.Bd2 O-O 8.Bc3 b6
9.Nbd2 Qc7 10.a4 Nh5 11.Bxg7 Nxg7 12.Nc4 f6 13.Qc1 e5 14.h4 Bg4 15.Qe3 Ne6
16.Ncd2 Rae8 17.Qh6 Bxf3 18.Nxf3 Qg7 19.Qd2 Kh8 20.O-O-O b5 21.g4 bxa4 22.Qa5 Rb8
23.Qxa4 Qb7 24.b3 Qb5 25.Qa1 Nd4 26.Nxd4 cxd4 27.h5 gxh5 28.Qxa7 Qb4 29.Rxh5 Rb7
30.Qa6 Rff7 31.Qa8+ Rf8 32.Qa4 Qc3 33.Rdh1 Rg8 34.f3 Rgb8 35.Qc4 Ra8 36.Kd1 Ra1+
37.Ke2 Ra2 38.Qxc3 dxc3 39.Rc1 Rxb3 40.g5 fxg5 41.Rxg5 Rb5 42.Ke3 Ra8 43.Rh1 Rb2
44.Rxe5 Rxc2 45.Re7 Raa2 46.Rhxh7+ Kg8 47.Reg7+ Kf8 48.Rc7 Kg8 49.Rhd7 Ra8
50.Rxc6 Rf8  1-0

[Event "9th Niki Open"]
[Site "Nachod CZE"]
[Date "2011.07.03"]
[Round "2.33"]
[White "Veznik,Michael"]
[Black "Hubacek,O"]
[Result "1-0"]
[WhiteElo "1822"]
[BlackElo "2004"]

1.e4 c5 2.Nf3 Nc6 3.Bb5 d6 4.b4 cxb4 5.d4 a6 6.Bxc6+ bxc6 7.a3 bxa3 8.Rxa3 g6
9.O-O Bg7 10.Be3 Nf6 11.Nbd2 O-O 12.h3 Qc7 13.c4 e5 14.Qc1 Re8 15.dxe5 dxe5
16.c5 Rb8 17.Qc2 Nd7 18.Ne1 Bf8 19.Nd3 Rb5 20.Rc3 f6 21.f4 Kg7 22.Nc4 Qd8
23.fxe5 Nxe5 24.Ndxe5 fxe5 25.Qf2 Kh8 26.Nxe5 Rxe5 27.Qxf8+ Qxf8 28.Rxf8+ Kg7
29.Rxc8 Rxe4 30.Rxc6 Rb1+ 31.Kf2 Ra4 32.Rd6 Raa1 33.c6 Rf1+ 34.Kg3 h5 35.Rb3  1-0

[Event "ch-NOR"]
[Site "Oslo NOR"]
[Date "2011.07.03"]
[Round "2"]
[White "Djurhuus,R"]
[Black "Sahl,Bj"]
[Result "1-0"]
[WhiteElo "2459"]
[BlackElo "2363"]

1.e4 c5 2.Nf3 Nc6 3.Bb5 g6 4.c3 Nf6 5.Qe2 Bg7 6.O-O O-O 7.h3 e5 8.d3 d6 9.Bg5 h6
10.Be3 Bd7 11.Bxc6 Bxc6 12.c4 b5 13.cxb5 Bxb5 14.Nc3 Ba6 15.Rfd1 Bb7 16.Qd2 Kh7
17.Nh2 Qd7 18.f3 a5 19.Rac1 Ne8 20.Nf1 Nc7 21.f4 exf4 22.Bxf4 Ne6 23.Bg3 f5
24.Nh2 Nd4 25.Rf1 fxe4 26.dxe4 Qe6 27.Rce1 h5 28.Qd1 Bc6 29.Nf3 Nxf3+ 30.Rxf3 Rxf3
31.Qxf3 Rf8 32.Qd3 Bd4+ 33.Kh1 Rf7 34.Nb5 Be5 35.Bxe5 Qxe5 36.Qxd6 Qxd6 37.Nxd6 Rf2
38.Nc4 Bb5 39.Nxa5 Rxb2 40.Rc1  1-0

[Event "ch-BEL Open"]
[Site "Antwerp BEL"]
[Date "2011.07.04"]
[Round "3.13"]
[White "Gijsen,S"]
[Black "Hauglustaine,Sander"]
[Result "1-0"]
[WhiteElo "2116"]
[BlackElo "1838"]

1.e4 c5 2.Nf3 Nc6 3.Bb5 g6 4.O-O Bg7 5.c3 e5 6.d4 cxd4 7.cxd4 exd4 8.Bf4 Nge7
9.Bd6 Qb6 10.a4 a6 11.Bd3 Nb4 12.Bxe7 Kxe7 13.Qb3 d6 14.Ng5 Be6 15.Nxe6 fxe6
16.Bc4 e5 17.a5 Qc5 18.Ra4 b5 19.Rxb4 bxc4 20.Rb7+ Kd8 21.Qh3 Qc6 22.Rxg7 Rb8
23.Na3 Rb3 24.Qe6 Rxa3 25.bxa3 Re8 26.Qf7 c3 27.Rb1  1-0

[Event "Karvina Open"]
[Site "Karvina CZE"]
[Date "2011.07.04"]
[Round "3.9"]
[White "Remes,R"]
[Black "Klima,L"]
[Result "0-1"]
[WhiteElo "1951"]
[BlackElo "2349"]

1.e4 c5 2.Nf3 Nc6 3.Bb5 g6 4.O-O Bg7 5.Bxc6 bxc6 6.c4 d6 7.Nc3 e5 8.Qa4 Ne7
9.d3 O-O 10.Bg5 f6 11.Be3 Bd7 12.Nd2 f5 13.f3 f4 14.Bf2 g5 15.b4 cxb4 16.Qxb4 c5
17.Qa3 h5 18.Rab1 Nc6 19.Nd5 g4 20.Rb7 Rf7 21.Rfb1 g3 22.hxg3 fxg3 23.Be3 h4
24.Rc7 h3 25.Qa6 hxg2 26.Kxg2 Nb4 27.Nxb4 Qxc7 28.Nd5 Qd8 29.Kxg3 Bf8 30.Kf2 Rg7
31.Rh1 Be7 32.Qb7 Bh4+ 33.Ke2 Rb8 34.Qa6 Bc8 35.Qa4 Rbb7 36.Rxh4 Qxh4 37.Qe8+ Kh7
38.Qxc8 Rg2+ 39.Kd1 Qh1+ 40.Kc2 Qb1+  0-1

[Event "TCh-TUR 2011"]
[Site "Konya TUR"]
[Date "2011.07.04"]
[Round "7"]
[White "Ciloglu,D"]
[Black "Baglan,E"]
[Result "0-1"]
[WhiteElo "1770"]
[BlackElo "1807"]

1.e4 c5 2.Nf3 Nc6 3.Bb5 g6 4.Bxc6 dxc6 5.d3 Bg7 6.h3 Nf6 7.Nc3 Nd7 8.Be3 e5
9.Qd2 h6 10.O-O Qe7 11.a3 Nf8 12.b4 Ne6 13.Na4 b6 14.bxc5 b5 15.Nc3 f5 16.exf5 gxf5
17.Qe1 O-O 18.Rd1 a5 19.Ne2 f4 20.Bc1 Ng5 21.Nxg5 Qxg5 22.Kh2 Qh5 23.f3 Bf5
24.Nc3 Bf6 25.Ne4 Bh4 26.Qe2 Ra7 27.Bd2 Rg7 28.Be1 Kh8 29.Bxh4 Qxh4 30.Qf2 Qh5
31.Rg1 Qg6 32.Rde1 Rfg8 33.Rd1 Qe6 34.Rde1 Rg3 35.Qf1 Bxh3 36.Nxg3 fxg3+
37.Kh1 Bf5 38.Qe2 Re8 39.Rgf1 Qf6 40.Kg1 Qh4  0-1

[Event "TCh-TUR 2011"]
[Site "Konya TUR"]
[Date "2011.07.05"]
[Round "9"]
[White "Vatansever,Buse"]
[Black "Bal,Sevgican"]
[Result "1/2-1/2"]
[WhiteElo "1585"]
[BlackElo "1610"]

1.e4 c5 2.Nf3 Nc6 3.Bb5 d6 4.O-O Bd7 5.c3 a6 6.Ba4 b5 7.Bc2 Nf6 8.Re1 Bg4
9.d3 g6 10.h3 Bxf3 11.Qxf3 Ne5 12.Qe2 Bg7 13.f4 Nc6 14.e5 Nd5 15.e6 fxe6
16.Qxe6 Nc7 17.Qg4 O-O 18.Rf1 e6 19.Nd2 d5 20.Nf3 e5 21.fxe5 Nxe5 22.Nxe5 Rxf1+
23.Kxf1 Bxe5 24.Kg1 Bg7 25.Bf4 d4 26.Bxc7 Qxc7 27.Bb3+ Kh8 28.Rc1 Qe5 29.Qe4 Qxe4
30.dxe4 c4 31.Bd1 d3 32.Bf3 Be5 33.Kf2 Rc8 34.Ke3 a5 35.Bg4 Rc7 36.Be6 Bg7
37.Kf2 Bh6 38.Rd1 b4 39.Ke1 Bf4 40.Bd5 Kg7 41.g4 Kf6 42.a3 Be5 43.Rc1 Bg3+  1/2-1/2

[Event "TCh-TUR 2011"]
[Site "Konya TUR"]
[Date "2011.07.05"]
[Round "9"]
[White "Deviren,E"]
[Black "Emiroglu,C"]
[Result "1-0"]
[WhiteElo "1927"]
[BlackElo "2216"]

1.e4 c5 2.Nf3 Nc6 3.Bb5 g6 4.O-O Bg7 5.c3 Nf6 6.Re1 O-O 7.d4 cxd4 8.cxd4 a6
9.Bxc6 dxc6 10.h3 c5 11.d5 e6 12.Nc3 exd5 13.exd5 b5 14.Bg5 Bb7 15.Ne4 Qb6
16.Nxf6+ Bxf6 17.Bxf6 Qxf6 18.Qd2 Rad8 19.Re5 Rd6 20.Rae1 Kg7 21.h4 h5 22.Rg5 Rfd8
23.Ree5 R8d7 24.a3 Qd8 25.Qe3 Rxd5 26.Re8 Qf6 27.Rxd5 Rxd5 28.Ng5 Rd1+ 29.Kh2 Qd6+
30.f4 Qd4 31.Qxd4+ Rxd4 32.Re7 Bd5 33.Rd7 Bc4 34.Rc7 Rxf4 35.Kg3 Rg4+ 36.Kh3 Bf1
37.Rxf7+ Kg8 38.Rxf1 b4 39.Rf6 bxa3 40.Rxg6+ Kf8 41.bxa3 Ra4 42.Rf6+ Kg7
43.Rf3 Kg6 44.Rc3 c4 45.Nf3 Kf5 46.Nd2 Ke5 47.Nxc4+ Kd4 48.Nb6 Kxc3 49.Nxa4+  1-0

[Event "TCh-TUR 2011"]
[Site "Konya TUR"]
[Date "2011.07.05"]
[Round "9"]
[White "Ciloglu,D"]
[Black "Arat,Uf"]
[Result "1-0"]
[WhiteElo "1770"]
[BlackElo "2053"]

1.e4 c5 2.Nf3 Nc6 3.Bb5 g6 4.Bxc6 dxc6 5.d3 Bg7 6.h3 Nf6 7.Nc3 Nd7 8.Be3 e5
9.Qd2 Qe7 10.O-O h6 11.Ne2 Nf8 12.Nh2 Ne6 13.c3 Bd7 14.Rab1 f5 15.exf5 gxf5
16.f4 O-O-O 17.b4 Kb8 18.bxc5 Bc8 19.fxe5 Bxe5 20.Nf3 Bc7 21.Nfd4 Nxd4 22.Nxd4 Ka8
23.Nxf5 Qe5 24.Bf4 Qxf5 25.Bxc7 Rxd3 26.Rxf5 Rxd2 27.Rf2 Rxf2 28.Kxf2 Be6
29.a3 Rf8+ 30.Ke3 Bd5 31.Rb2 Rg8 32.g3 h5 33.Rf2 b6 34.Rf5 Rh8 35.cxb6 axb6
36.Bxb6 Be6 37.Ra5+ Kb8 38.Bd4 Rh7 39.h4 Bg4 40.Rc5 Kc7 41.Ra5 Re7+ 42.Kd3 Re1
43.Kc4 Kd6 44.Rg5 Be2+ 45.Kb3 Bg4 46.a4 Rb1+ 47.Kc2 Ra1 48.a5 Be2 49.Kd2 Bg4
50.Kd3 Rd1+ 51.Ke4 Re1+ 52.Kd3 Rd1+ 53.Kc2 Ra1 54.Kb2 Ra4 55.Kb3 Bd1+ 56.Kb2 Bg4
57.Kc1 Ra1+ 58.Kc2 Bd1+ 59.Kb2 Ra4 60.Rc5 Bf3 61.Rg5 Bg4 62.Kc2 Ra1 63.Kd3 Rd1+
64.Ke4 Re1+ 65.Be3 Ra1 66.Bf4+ Kd7 67.Rg7+ Ke6 68.Ra7 Ra4+ 69.Ke3 Kd5 70.Kd3 Bf5+
71.Kd2 Ra2+ 72.Ke3 Bg4 73.Kd3 Be2+ 74.Ke3 Bg4 75.Ra8 Kc4 76.Bc7 c5 77.Bb6 Ra3
78.a6 Kb5 79.Bc7 Rxa6 80.c4+  1-0

[Event "XXVI Tadeusza Gniota"]
[Site "Police POL"]
[Date "2011.07.05"]
[Round "1.12"]
[White "Poetsch,H"]
[Black "Korbal,A"]
[Result "1-0"]
[WhiteElo "2403"]
[BlackElo "2052"]

1.e4 c5 2.Nf3 Nc6 3.Bb5 Nd4 4.Nxd4 cxd4 5.c3 a6 6.Bc4 dxc3 7.Nxc3 e6 8.d4 b5
9.Bb3 b4 10.Ne2 Bb7 11.Ng3 h5 12.d5 h4 13.dxe6 fxe6 14.Qg4 Qf6 15.Nh5 Qf7
16.Nf4 Nf6 17.Qe2 Bxe4 18.O-O Be7 19.Rd1 d5 20.Ba4+ Kf8 21.f3 Bf5 22.Re1 g5
23.Nxe6+ Bxe6 24.Qxe6 Qxe6 25.Rxe6 g4 26.Bg5 Kf7 27.Rae1 Bc5+ 28.Kf1 Ne4
29.Rc6 gxf3 30.Rxe4 fxg2+ 31.Kxg2 dxe4 32.Bb3+  1-0

[Event "Lev Polugaevsky Mem"]
[Site "Samara RUS"]
[Date "2011.07.05"]
[Round "1"]
[White "Neverov,Vladimir"]
[Black "Artamonov,V"]
[Result "0-1"]
[WhiteElo "1851"]
[BlackElo "2277"]

1.e4 c5 2.Nf3 Nc6 3.Bb5 g6 4.Bxc6 dxc6 5.d3 Bg7 6.Nc3 e5 7.Be3 Qe7 8.Qd2 Bg4
9.h3 Bxf3 10.gxf3 Nf6 11.f4 exf4 12.Bxf4 c4 13.O-O-O cxd3 14.Qxd3 Nh5 15.Bd6 Qg5+
16.Kb1 O-O-O 17.h4 Qg4 18.Qe3 b6 19.Qd3 Kb7 20.Qc4 Rd7 21.Rd3 Rhd8 22.f3 Qe6
23.Qxe6 fxe6 24.e5 Nf4 25.Re3 Nd5 26.Rd3 Nxc3+ 27.bxc3 c5 28.h5 g5 29.h6 Bf8
30.Rh5 Kc6 31.Rxg5 Bxh6 32.Rh5 Bf4 33.Rh4 Rf7 34.c4 Rg8 35.Kb2 Rg5 36.Rh6 Bxe5+
37.Bxe5 Rxe5 38.f4 Re4 39.Kb3 Rfxf4 40.Rxh7 Rxc4 41.Rxa7 Rb4+ 42.Kc3 Rfc4+
43.Kd2 Re4 44.a3 Rbd4 45.Kc3 Rxd3+ 46.cxd3 Re1 47.Kc4 Kd6 48.Rg7 Rc1+ 49.Kb3 Rh1
50.Kc4 Kc6 51.Rg6 b5+ 52.Kc3 Kd5 53.Rg5+ e5 54.Rg8 Rh3 55.Rd8+ Kc6 56.Rc8+ Kd6
57.Rd8+ Kc7 58.Re8 c4 59.Rxe5 Rxd3+ 60.Kb4 Kc6 61.Rc5+ Kd6 62.Kxb5 Rd5 63.Rxd5+ Kxd5
64.Kb4 Kd4 65.a4 c3 66.Kb3 Kd3 67.a5 c2  0-1

[Event "Lev Polugaevsky Mem"]
[Site "Samara RUS"]
[Date "2011.07.05"]
[Round "1"]
[White "Sadykov,Ra"]
[Black "Shur,T"]
[Result "1-0"]
[WhiteElo "2230"]
[BlackElo "1725"]

1.e4 c5 2.Nf3 Nc6 3.Bb5 g6 4.O-O Bg7 5.Bxc6 dxc6 6.d3 Nf6 7.h3 O-O 8.e5 Nd5
9.Nbd2 Bf5 10.Qe2 Qc7 11.Re1 Nb4 12.Nc4 Nd5 13.Ncd2 Rad8 14.Nf1 c4 15.dxc4 Nb4
16.Ne3 Be4 17.Ng5 Bxc2 18.Nxc2 Nd3 19.Rd1 Nxe5 20.Bf4 h6 21.Ne4 Qc8 22.Ne3 g5
23.Bxe5 Bxe5 24.Ng3 Qc7 25.Ngf5 Kh7 26.Qh5 Bg7 27.Nxg7 Kxg7 28.Nf5+ Kf6 29.Nxh6 Rxd1+
30.Rxd1 Qf4 31.g3 Qxc4 32.Ng4+ Ke6 33.Qh6+ f6 34.Qxf8 Qe2 35.Qg8+  1-0

[Event "6th Polonia Wroclaw Open A"]
[Site "Wroclaw POL"]
[Date "2011.07.05"]
[Round "2"]
[White "Shkapenko,P"]
[Black "Zminda,B"]
[Result "1-0"]
[WhiteElo "2413"]
[BlackElo "2172"]

1.e4 c5 2.Nf3 Nc6 3.Bb5 g6 4.Bxc6 dxc6 5.d3 Bg7 6.h3 h6 7.O-O Be6 8.Nc3 Qd7
9.Be3 b6 10.a4 Nf6 11.a5 O-O 12.Na4 Qb7 13.Qd2 Kh7 14.b4 cxb4 15.Qxb4 Nd7
16.Rab1 b5 17.Nd4 Bxd4 18.Bxd4 Qc7 19.Nc5 Nxc5 20.Bxc5 Rae8 21.Rbe1 a6 22.f4 Qd7
23.f5 gxf5 24.exf5 Bxf5 25.Qf4 Bg6 26.Be3 Rh8 27.Qxh6+ Kg8 28.Qf4 e5 29.Qg3 e4
30.dxe4 Rxe4 31.Bg5 Qd4+ 32.Kh2 Rxe1 33.Qxe1 Qd6+ 34.Kh1 Rxh3+ 35.gxh3 Qd5+
36.Kh2 Qxg5 37.c3 c5 38.Qg3 Qxg3+ 39.Kxg3 b4 40.cxb4 cxb4 41.Rf4 b3 42.Rb4 Bc2
43.Kf4 Kg7 44.Rb6 f6 45.Ke3 f5 46.h4 Kh7 47.Kf4 Kg7 48.Kg5 Kh7 49.h5 Kg7
50.h6+ Kh7 51.Rb7+ Kg8 52.h7+  1-0

[Event "FSFMA July"]
[Site "Budapest HUN"]
[Date "2011.07.06"]
[Round "5.3"]
[White "Juracsik,J"]
[Black "Darazs,Z"]
[Result "1/2-1/2"]
[WhiteElo "2193"]
[BlackElo "2133"]

1.e4 c5 2.Nf3 Nc6 3.Bb5 g6 4.Bxc6 dxc6 5.d3 Bg7 6.h3 e5 7.Nc3 Ne7 8.Be3 b6
9.Qd2 h6 10.O-O-O Be6 11.Kb1 Qc7 12.Nh2 O-O-O 13.Qe2  1/2-1/2

[Event "TCh-TUR 2011"]
[Site "Konya TUR"]
[Date "2011.07.06"]
[Round "10"]
[White "Melia,S"]
[Black "Fierro Baquero,M"]
[Result "1/2-1/2"]
[WhiteElo "2444"]
[BlackElo "2388"]

1.e4 c5 2.Nf3 Nc6 3.Bb5 g6 4.O-O Bg7 5.c3 Nf6 6.Qe2 O-O 7.Rd1 d6 8.h3 e5
9.d4 exd4 10.cxd4 Nxd4 11.Nxd4 cxd4 12.Rxd4 Qb6 13.Ra4 d5 14.exd5  1/2-1/2

[Event "9th Niki Open"]
[Site "Nachod CZE"]
[Date "2011.07.06"]
[Round "5.1"]
[White "Kislinsky,A"]
[Black "Koziak,V"]
[Result "0-1"]
[WhiteElo "2521"]
[BlackElo "2484"]

1.e4 c5 2.Nf3 Nc6 3.Bb5 g6 4.Bxc6 dxc6 5.h3 Bg7 6.d3 e5 7.Be3 b6 8.Nc3 Ne7
9.Qd2 h6 10.Nh2 Be6 11.O-O-O Qd7 12.g4 O-O-O 13.f4 exf4 14.Bxf4 h5 15.Qg2 Kb7
16.Kb1 a5 17.Ne2 a4 18.Be3 hxg4 19.hxg4 c4 20.d4 a3 21.b3 Qd6 22.Nf4 cxb3
23.cxb3 c5 24.d5 Bxd5 25.exd5 Qf6 26.Bd4 cxd4 27.Nd3 Nxd5 28.Rhf1 Qe7 29.Rde1 Qc7
30.Nf3 Qc6 31.Rc1 Nc3+ 32.Ka1 Rhe8 33.Rc2 Re3 34.Nfe1 Qxg2 35.Rxf7+ Ka8 36.Rxg2 Rde8
37.Rf1 Ne4 38.Rc2 Ng3 39.Rg1 Rxe1+ 40.Nxe1 d3+ 41.Kb1 dxc2+ 42.Kxc2 Ne2 43.Rh1 Nc3
44.Kd3 Rd8+ 45.Kc4 Rc8+ 46.Kd3 Nxa2  0-1

[Event "XXVI Tadeusza Gniota"]
[Site "Police POL"]
[Date "2011.07.06"]
[Round "2.15"]
[White "Maniocha,A"]
[Black "Oleniak,W"]
[Result "0-1"]
[WhiteElo "2191"]
[BlackElo "1859"]

1.e4 c5 2.Nf3 Nc6 3.Bb5 Qc7 4.O-O a6 5.Bxc6 Qxc6 6.d4 cxd4 7.Nxd4 Qc7 8.Nc3 e6
9.Be3 Nf6 10.f4 d6 11.a4 b6 12.Qf3 Bb7 13.Nb3 Nd7 14.Qg3 g6 15.f5 Bg7 16.fxe6 fxe6
17.Rad1 Bxc3 18.bxc3 e5 19.Bg5 Bxe4 20.Qg4 Bf5 21.Rxf5 gxf5 22.Qh5+ Kf8 23.Qf3 Kg7
24.Qg3 Nf6 25.Rf1 Qd7 26.Qh4 Qe6 27.Be3 h6 28.Bxb6 Rhg8 29.Qf2 f4 30.Qe2 Qg4
31.Qd2 Kh8 32.Re1 Nd7 33.Bc7 Rg6 34.Bxd6 Rag8 35.Bxe5+ Nxe5 36.Rxe5 Qxg2+
37.Qxg2 Rxg2+ 38.Kf1 Rxc2 39.Nc5 Rb8 40.Re2 Rxc3 41.Nxa6 Rb6 42.Re8+ Kg7
43.Nb8 Rc2 44.Nd7 Rb1+ 45.Re1 Rxe1+ 46.Kxe1 Rxh2 47.Nc5 Ra2 48.Ne6+ Kf6 49.Nxf4 Rxa4
50.Ne2 Kg5 51.Kf2 Kg4 52.Nc3 Ra5 53.Ne4 Ra6 54.Kg2 Ra2+ 55.Kg1 h5 56.Nf6+ Kg5
57.Ne4+ Kg6 58.Nf2 Kf5 59.Nh3 h4 60.Nf2 Kf4  0-1

[Event "FSFMA July"]
[Site "Budapest HUN"]
[Date "2011.07.07"]
[Round "6.3"]
[White "Winkler,St1"]
[Black "Somogyi,G"]
[Result "1/2-1/2"]
[WhiteElo "1864"]
[BlackElo "1995"]

1.e4 c5 2.Nf3 Nc6 3.Bb5 d6 4.Bxc6+ bxc6 5.O-O Nf6 6.d3 e5 7.Na3 Qc7 8.Nc4 Be7
9.b3 O-O 10.Bb2 Bg4 11.h3 Be6 12.Nfd2 Nd7 13.Qe2 f5 14.f4 fxe4 15.fxe5 d5
16.Nd6 exd3 17.Qxd3 Bxd6 18.exd6 Qxd6 19.Ne4 Qe7 20.Ng3 Qg5 21.Rae1 Rxf1+
22.Rxf1 Rf8 23.Re1 Bf5 24.Nxf5 Qxf5 25.Re7 Qf2+ 26.Kh2 Nf6 27.Qg3 Qxg3+ 28.Kxg3 Rf7
29.Bxf6 gxf6 30.Re6 Rc7 31.Rxf6 Kg7 32.Rf5 Kg6 33.Kf4 Re7 34.Rg5+ Kf6 35.Rf5+ Kg6
36.Rg5+  1/2-1/2

[Event "TCh-TUR 2011"]
[Site "Konya TUR"]
[Date "2011.07.07"]
[Round "11"]
[White "Paichadze,L"]
[Black "Erturan,Y"]
[Result "1/2-1/2"]
[WhiteElo "2489"]
[BlackElo "2346"]

1.e4 c5 2.Nf3 Nc6 3.Bb5 d6 4.O-O Nf6 5.Re1 Bd7 6.c3 a6 7.Bf1 Bg4 8.d3 e6
9.Bf4 Be7 10.Nbd2 Nd7 11.h3 Bh5 12.Qe2 Nde5 13.g4 Nxf3+ 14.Nxf3 Bg6 15.Bg2 O-O
16.Bh2 b5 17.Nd2 e5 18.Nf1 Bg5 19.Ne3 b4 20.Nd5 bxc3 21.bxc3 Ne7 22.Ne3 Qa5
23.Qc2 Bxe3 24.Rxe3 Rab8 25.f4 f6 26.g5 Qa3 27.f5 Be8 28.Rg3 Qb2 29.Qxb2 Rxb2
30.gxf6 Rxf6 31.Bf1 g6 32.d4 cxd4 33.cxd4 exd4 34.Rd1 Kf8 35.Rg2 Rxg2+ 36.Kxg2 Bc6
37.Kg1 Bxe4 38.Rxd4 d5 39.fxg6 Rxg6+ 40.Kf2 Rb6 41.Kg1 Rg6+ 42.Kf2 Rb6 43.Rd2 Nf5
44.Be5 Ke7 45.Be2 Ke6 46.Bb2 Nd6 47.Bd4 Rc6 48.Rb2 Nf5 49.Bg4 h5 50.Bxf5+ Kxf5
51.Kg3 h4+ 52.Kxh4 Kf4 53.Rb6 Rc7 54.Kh5 Rh7+ 55.Rh6 Bf3+ 56.Kg6 Rxh6+ 57.Kxh6 Ke4
58.Bf6 d4 59.Kg6 Ke3 60.Kf5 d3 61.Bg5+ Ke2 62.Ke5 d2 63.Bxd2 Kxd2 64.Kd4 Kc2
65.Kc4 Be2+ 66.Kb4 Kd3 67.Kb3  1/2-1/2

[Event "TCh-TUR 2011"]
[Site "Konya TUR"]
[Date "2011.07.07"]
[Round "11"]
[White "Guven,B"]
[Black "Emiroglu,C"]
[Result "1/2-1/2"]
[WhiteElo "1856"]
[BlackElo "2216"]

1.e4 c5 2.Nf3 Nc6 3.Bb5 g6 4.Bxc6 dxc6 5.d3 Bg7 6.h3 e5 7.Nc3 Qe7 8.Be3 Nf6
9.Qd2 Nd7 10.Bh6 f6 11.Bxg7 Qxg7 12.Nh2 Nf8 13.f4 exf4 14.Qxf4 Ne6 15.Qd2 Nd4
16.O-O-O Be6 17.Kb1 O-O-O 18.Rhf1 Rhf8 19.Nf3 Nxf3 20.Rxf3 f5 21.exf5 Bxf5
22.Rdf1 Be6 23.Qe3 Qe7 24.Nd5 cxd5 25.Rxf8 Rxf8 26.Rxf8+ Qxf8 27.Qxe6+ Kc7
28.a4 Qf1+ 29.Ka2 Qxg2 30.Qe7+ Kc6 31.Qe6+  1/2-1/2

[Event "Lev Polugaevsky Mem"]
[Site "Samara RUS"]
[Date "2011.07.07"]
[Round "3"]
[White "Papin,V"]
[Black "Petrukhina,I"]
[Result "1-0"]
[WhiteElo "2565"]
[BlackElo "2148"]

1.e4 c5 2.Nf3 Nc6 3.Bb5 g6 4.Bxc6 bxc6 5.O-O Bg7 6.Re1 Nf6 7.e5 Nd5 8.c4 Nc7
9.d4 cxd4 10.Qxd4 O-O 11.Qh4 Ne6 12.Bh6 f6 13.Bxg7 Kxg7 14.Nc3 Qc7 15.Nd4 Qb6
16.Nxe6+ dxe6 17.b3 Bd7 18.Re3 Rad8 19.Rae1 Bc8 20.Rh3 Rh8 21.Qh6+ Kf7 22.Rf3 Qd4
23.h3 Rdf8 24.Re4 Qc5 25.Ree3 Ke8 26.Ne4 Qd4 27.exf6 exf6 28.Qg7  1-0

[Event "6th Polonia Wroclaw Open A"]
[Site "Wroclaw POL"]
[Date "2011.07.07"]
[Round "6"]
[White "Tworzydlo,P"]
[Black "Kolasinski,K"]
[Result "1/2-1/2"]
[WhiteElo "2064"]
[BlackElo "2004"]

1.e4 c5 2.Nf3 Nc6 3.Bb5 Nf6 4.Bxc6 dxc6 5.d3 Bg4 6.h3 Bxf3 7.Qxf3 e6 8.e5 Nd5
9.Nc3 Nxc3 10.bxc3 Qa5 11.O-O Rc8  1/2-1/2

[Event "6th Polonia Wroclaw Open A"]
[Site "Wroclaw POL"]
[Date "2011.07.07"]
[Round "6"]
[White "Krokay,U"]
[Black "Zminda,B"]
[Result "0-1"]
[WhiteElo "1940"]
[BlackElo "2172"]

1.e4 c5 2.Nf3 Nc6 3.Bb5 g6 4.O-O Bg7 5.Re1 Nf6 6.c3 O-O 7.d4 cxd4 8.cxd4 d5
9.e5 Ne4 10.h3 Bd7 11.Bd3 Nb4 12.Bxe4 dxe4 13.Ng5 Bc6 14.Nc3 Nd3 15.Re3 Qxd4
16.Ngxe4 Rad8 17.e6 f5 18.Ng5 Nxf2 19.Kxf2 f4 20.Nf7 fxe3+ 21.Ke2  0-1

[Event "TCh-TUR 2011"]
[Site "Konya TUR"]
[Date "2011.07.08"]
[Round "12"]
[White "Odeev,H"]
[Black "Atakisi,U"]
[Result "1/2-1/2"]
[WhiteElo "2405"]
[BlackElo "2370"]

1.e4 c5 2.Nf3 Nc6 3.Bb5 d6 4.O-O Bd7 5.Re1 Nf6 6.c3 a6 7.Bxc6 Bxc6 8.d4 cxd4
9.cxd4 Bxe4 10.Nc3 d5 11.Bg5 e6 12.Bxf6 gxf6 13.Nxe4 dxe4 14.Rxe4 Qd5 15.Qa4+ b5
16.Qc2 Bd6 17.a4 Ke7 18.axb5 Rhc8 19.Qb1 axb5 20.Rxa8 Rxa8 21.Re1 h5 22.Qh7 Ra2
23.Nh4 Kf8 24.g3 Qg5 25.Qh8+ Ke7 26.Qc8 Qd5 27.Qc2 Kf8 28.Qh7 Qg5 29.Qh8+ Ke7
30.Qc8 Qd5 31.Qc2 Kf8 32.Qh7 Qg5 33.Qh8+ Ke7 34.Qc8 Qd5 35.Qc2 Kf8 36.Qh7 Qg5
37.Qh8+ Ke7 38.Qc8 Qd5 39.Qc2 Kf8 40.Qh7  1/2-1/2

[Event "5th LCT Open A"]
[Site "Leiden NED"]
[Date "2011.07.08"]
[Round "1"]
[White "Van den Doel,E"]
[Black "Van der Meer,K"]
[Result "1-0"]
[WhiteElo "2574"]
[BlackElo "2080"]

1.e4 c5 2.Nf3 Nc6 3.Bb5 g6 4.Bxc6 dxc6 5.d3 Bg7 6.Nbd2 Nf6 7.O-O O-O 8.a4 a5
9.Qe2 Qc7 10.Nc4 Bg4 11.h3 Bxf3 12.Qxf3 Nd7 13.Bf4 e5 14.Bd2 b6 15.Qg3 f6
16.f4 Rae8 17.f5 g5 18.h4 h6 19.Kf2 Rf7 20.Rh1 Nf8 21.Rh2 Nh7 22.Rah1 Qd8
23.hxg5 Nxg5 24.Qe3 Ree7 25.Qe1 Rb7 26.Ne3 Qd4 27.b3 Rfd7 28.Bc3 Qd6 29.Ng4 Nf7
30.Bd2 b5 31.axb5 cxb5 32.Nxh6+ Bxh6 33.Bxh6 c4 34.Be3 cxd3 35.Qd1 Rd8 36.Qg4+ Kf8
37.cxd3 Rc7 38.Rh7 Ke8 39.Qg8+ Qf8 40.Qg6 Qe7 41.Rxf7 Qxf7 42.Rh8+ Ke7 43.Qxf7+  1-0

[Event "WCh-IPCA Open A"]
[Site "Piestany SVK"]
[Date "2011.07.08"]
[Round "8"]
[White "Strekalovski,V"]
[Black "Zavarsky,J"]
[Result "0-1"]
[WhiteElo "2113"]
[BlackElo "2026"]

1.e4 c5 2.Nf3 Nc6 3.Bb5 g6 4.h4 h5 5.c3 Nf6 6.Ng5 Ng4 7.Qe2 a6 8.Bc4 Nh6
9.a4 Bg7 10.d3 e6 11.Bf4 d6 12.Nd2 O-O 13.Bb3 Na5 14.Bd1 e5 15.Be3 f6 16.Nh3 Ng4
17.Nf1 Nxe3 18.Nxe3 Be6 19.f4 c4 20.f5 cxd3 21.Qxd3 Bf7 22.fxg6 Bxg6 23.b4 Nc6
24.Bb3+ Kh8 25.Rd1 f5 26.Ng5 fxe4 27.Qxd6 Qb6 28.Qc5 Qxc5 29.bxc5 Rad8 30.Bd5 Bh6
31.Ke2 Bxg5 32.hxg5 Kg7 33.Rh4 Rf4 34.Rh2 h4 35.Bxc6 Rxd1 36.Kxd1 bxc6 37.Ke2  0-1

[Event "Open ch-SVK A"]
[Site "Banska Stiavnica SVK"]
[Date "2011.07.09"]
[Round "1"]
[White "Csiba,D"]
[Black "Markos,J"]
[Result "0-1"]
[WhiteElo "2355"]
[BlackElo "2585"]

1.e4 c5 2.Nf3 Nc6 3.Bb5 Nf6 4.Bxc6 dxc6 5.d3 g6 6.O-O Bg7 7.h3 O-O 8.Be3 Nxe4
9.dxe4 Qxd1 10.Rxd1 Bxb2 11.Nbd2 Bxa1 12.Rxa1 b6 13.a4 f6 14.a5 Be6 15.e5 Bd5
16.exf6 exf6 17.Bf4 c4 18.c3 g5 19.Bd6 Rfe8 20.Rb1 Re6 21.Bc7 c5 22.Kf1 Rc6
23.Bg3 Re8 24.axb6 axb6 25.h4 h6 26.hxg5 hxg5 27.Ne1 Ra8 28.Rb2 Ra3 29.Rc2 b5
30.Nb1 Rb3 31.Nd2 Ra6 32.Ke2 Raa3 33.Nxb3 cxb3 34.Rd2 Ra2 35.Nd3 Bc4 36.Kd1 Bxd3
37.Rxd3 Ra1+  0-1

[Event "TCh-TUR 2011"]
[Site "Konya TUR"]
[Date "2011.07.09"]
[Round "13"]
[White "Guven,B"]
[Black "Ergene,Mertcan"]
[Result "1-0"]
[WhiteElo "1856"]
[BlackElo "1731"]

1.e4 c5 2.Nf3 Nc6 3.Bb5 g6 4.Bxc6 dxc6 5.d3 Bg7 6.h3 Nf6 7.Nc3 Nd7 8.Be3 e5
9.Qd2 h6 10.O-O Qe7 11.Nh2 g5 12.Ne2 Nf6 13.Qc3 b6 14.b4 Nh5 15.bxc5 b5 16.d4 Nf4
17.Ng3 h5 18.Rfe1 f6 19.Rad1 h4 20.Nf5 Bxf5 21.exf5 Nd5 22.Qb3 Nxe3 23.Qxe3 O-O-O
24.a4 Qb7 25.axb5 cxb5 26.dxe5 Rxd1 27.Rxd1 fxe5 28.c6 Qxc6 29.Qxa7 Rg8 30.Ra1 Bf8
31.Ng4 Bd6 32.Ra6 Qc7 33.Qa8+ Qb8 34.Qc6+ Bc7 35.Ra8  1-0

[Event "XXVI Tadeusza Gniota"]
[Site "Police POL"]
[Date "2011.07.09"]
[Round "6.10"]
[White "Figura,A"]
[Black "Korbal,A"]
[Result "0-1"]
[WhiteElo "2358"]
[BlackElo "2052"]

1.e4 c5 2.Nf3 Nc6 3.Bb5 e6 4.O-O Nf6 5.Re1 Be7 6.Bxc6 bxc6 7.e5 Nd5 8.c4 Nb6
9.d3 O-O 10.Nc3 f6 11.Ne4 fxe5 12.Nxe5 Qc7 13.f4 d6 14.Ng4 d5 15.Ng3 Bd6
16.Ne5 dxc4 17.dxc4 Bxe5 18.fxe5 Nxc4 19.Re4 Ba6 20.Qa4 Bb5 21.Qb3 Qf7 22.Be3 Nxe3
23.Qxe3 Rad8 24.Qe1 Rd4 25.Re3 Rf4 26.h3 Qg6 27.Qc3 Rc4 28.Qa3 Rc2 29.Rf3 Rd8
30.Kh2 h5 31.Rg1 Rdd2  0-1

[Event "XXVI Tadeusza Gniota"]
[Site "Police POL"]
[Date "2011.07.09"]
[Round "6.6"]
[White "Maes,W"]
[Black "Hnydiuk,A"]
[Result "0-1"]
[WhiteElo "2245"]
[BlackElo "2432"]

1.e4 c5 2.Nf3 Nc6 3.Bb5 g6 4.O-O Bg7 5.Re1 Nf6 6.e5 Nd5 7.Nc3 Nc7 8.Bxc6 dxc6
9.Ne4 b6 10.d3 O-O 11.h3 h6 12.Bf4 Ne6 13.Bg3 Nd4 14.Nfd2 Be6 15.Bf4 Qd7
16.Nf1 Rad8 17.Qd2 g5 18.Bh2 f5 19.exf6 exf6 20.Neg3 Qf7 21.Qd1 f5 22.Nh5 Bh8
23.Be5 f4 24.Bxh8 Kxh8 25.c3 Nf5 26.g4 fxg3 27.fxg3 Nh4 28.Re2 Nf3+ 29.Kg2 Bd5
30.Ne3 Nd4+ 31.Nxd5 Qf3+ 32.Kh2 Nxe2 33.Ndf6 Rxf6  0-1

[Event "3rd Magic Valley"]
[Site "Rodatychi UKR"]
[Date "2011.07.09"]
[Round "6"]
[White "Kigel,D"]
[Black "Vetoshko,V"]
[Result "1/2-1/2"]
[WhiteElo "2210"]
[BlackElo "2212"]

1.e4 c5 2.Nf3 Nc6 3.Bb5 g6 4.Bxc6 dxc6 5.d3 Bg7 6.h3 Nf6 7.Nc3 O-O 8.Be3 b6
9.Qd2 Ne8 10.Bh6 b5 11.h4 f6 12.Be3 Qd6 13.Ng1 e5 14.f4 exf4 15.Bxf4 Qe7
16.O-O-O a5 17.h5 a4 18.a3 b4 19.Nb1 Bg4 20.Nf3 gxh5 21.Rde1 Nc7 22.Nh4 Nb5
23.Nf5 Bxf5 24.exf5 Qf7 25.Bh6 bxa3 26.bxa3 Qa2 27.Bxg7  1/2-1/2

[Event "Asian Zonal 3.1 Men"]
[Site "Sharjah UAE"]
[Date "2011.07.09"]
[Round "5"]
[White "Ayyad,H"]
[Black "Ali,L"]
[Result "0-1"]
[WhiteElo "2187"]
[BlackElo "2278"]

1.e4 c5 2.Nf3 Nc6 3.Bb5 d6 4.d4 cxd4 5.Qxd4 Bd7 6.Bxc6 bxc6 7.O-O e5 8.Qd3 Be7
9.b3 Nf6 10.Bg5 Bg4 11.c4 O-O 12.Nc3 Nh5 13.Bxe7 Qxe7 14.h3 Nf4 15.Qe3 Bh5
16.Ne2 Ne6 17.Rad1 Bxf3 18.Qxf3 g6 19.Qd3 Rad8 20.f4 exf4 21.b4 Qg5 22.Qf3 Qe5
23.h4 f5 24.exf5 Rxf5 25.Rfe1 Qf6 26.Qxc6 f3 27.gxf3 Qxh4 28.Kf1 Qh3+ 29.Kf2 Rdf8
30.Rd3 Qh2+ 31.Kf1 Rg5 32.Rc1 Nf4  0-1